100 najlepszych piłkarzy w 2025 roku - Statystyki

Ogólne statystyki
  • Ten quiz został rozwiązany 81 razy
  • Średni wynik to 51 z 100
Statystyki odpowiedzi
# Klub Piłkarz % Poprawnych
2 Barcelona Lamine Yamal
96%
4 Real Madryt Kylian Mbappé
95%
1 Paris Saint-Germain Ousmane Dembélé
93%
24 Barcelona Robert Lewandowski
91%
6 Manchester City Erling Haaland
89%
5 Bayern Monachium Harry Kane
89%
9 Liverpool Mohamed Salah
88%
51 Al-Nassr Cristiano Ronaldo
86%
96 Tottenham Micky van de Ven
84%
10 Barcelona Pedri
84%
34 Inter Miami Lionel Messi
82%
3 Paris Saint-Germain Vitinha
81%
12 Chelsea Cole Palmer
79%
15 Arsenal Declan Rice
79%
13 Manchester City Gianluigi Donnarumma
79%
18 Real Madryt Jude Bellingham
79%
20 Inter Lautaro Martínez
77%
16 Paris Saint-Germain Désiré Doué
75%
8 Barcelona Raphinha
75%
26 Arsenal Bukayo Saka
74%
78 Aston Villa Emiliano Martínez
74%
7 Paris Saint-Germain Achraf Hakimi
72%
17 Paris Saint-Germain João Neves
65%
11 Paris Saint-Germain Nuno Mendes
65%
23 Liverpool Virgil van Dijk
65%
48 Liverpool Alexander Isak
63%
53 Paris Saint-Germain Bradley Barcola
63%
21 Bayern Monachium Michael Olise
63%
22 Real Madryt Vinícius Júnior
63%
25 Atlético Madryt Julián Álvarez
61%
30 Real Madryt Thibaut Courtois
61%
45 Arsenal Martin Ødegaard
60%
55 Manchester United Bruno Fernandes
58%
37 Real Madryt Federico Valverde
58%
50 Bayern Monachium Joshua Kimmich
56%
73 Napoli Kevin De Bruyne
56%
57 Athletic Bilbao Nico Williams
56%
28 Arsenal Viktor Gyökeres
56%
33 Arsenal William Saliba
56%
31 Bayern Monachium Luis Díaz
53%
54 Inter Alessandro Bastoni
51%
49 Liverpool Alisson
51%
58 Arsenal David Raya
51%
36 Liverpool Florian Wirtz
51%
44 Paris Saint-Germain Willian Pacho
51%
100 Atlético Madrid Antoine Griezmann
49%
61 Manchester City Phil Foden
49%
74 Manchester City Rodri
49%
19 Napoli Scott McTominay
49%
43 Bayern Monachium Jamal Musiala
47%
80 Barcelona Jules Koundé
47%
94 Bayern Munachium Manuel Neuer
47%
42 Paris Saint-Germain Marquinhos
47%
68 Barcelona Pau Cubarsí
47%
84 Manchester City Rúben Dias
47%
72 Manchester City Bernardo Silva
46%
99 Inter Federico Dimarco
46%
14 Paris Saint-Germain Khvicha Kvaratskhelia
46%
62 Inter Nicolò Barella
46%
38 Liverpool Dominik Szoboszlai
44%
46 Galatasaray Victor Osimhen
44%
64 Inter Yann Sommer
44%
71 Real Madryt Arda Güler
42%
27 Paris Saint-Germain Fabián Ruiz
42%
76 Chelsea João Pedro
42%
86 Como Nico Paz
42%
35 Liverpool Alexis Mac Allister
40%
47 Chelsea Enzo Fernández
40%
75 Manchester City Jérémy Doku
40%
65 Inter Marcus Thuram
40%
91 Milan Rafael Leão
40%
66 Barcelona Fermín López
39%
52 Inter Hakan Çalhanoğlu
39%
39 Borussia Dortmund Serhou Guirassy
39%
70 Arsenal Martín Zubimendi
37%
90 Arsenal Mikel Merino
37%
81 Real Sociedad Mikel Oyarzabal
37%
32 Chelsea Moisés Caicedo
37%
92 Real Madryt Dean Huijsen
35%
69 Newcastle Bruno Guimarães
33%
40 Inter Denzel Dumfries
33%
67 Liverpool Hugo Ekitiké
33%
98 Real Madryt Trent Alexander-Arnold
33%
85 Bayer Leverkusen Álex Grimaldo
30%
88 Bournemouth Antoine Semenyo
30%
97 Real Betis Antony
30%
60 Barcelona Frenkie de Jong
30%
63 Chelsea Marc Cucurella
30%
95 Marsylia Mason Greenwood
28%
77 Manchester United Bryan Mbeumo
26%
29 Arsenal Gabriel Magalhães
26%
93 Manchester City Josko Gvardiol
26%
89 Juventus Kenan Yildiz
26%
41 Liverpool Ryan Gravenberch
25%
79 Manchester City Tijjani Reijnders
19%
56 Arsenal Eberechi Eze
18%
59 Chelsea Estêvão
18%
82 Newcastle Nick Woltemade
18%
83 Napoli André-Frank Zambo Anguissa
11%
87 Flamengo Giorgian de Arrascaeta
2%
Nie znaleziono quizów pasujących do podanych kryteriów
Rozkład punktacji
Procent ludzi z każdym wynikiem
Percentyl według liczby udzielonych odpowiedzi
Twoja historia wyników
Nie rozwiązałeś tego quizu